Cultura general por letra - C - Estadísticas

Estadísticas generales
  • Esta prueba ha sido intentada 5.867 veces
  • La puntuación promedio es 15 de 20
Estadísticas de respuestas
Pista Respuesta % Correcto
Mueble que se usa para dormir Cama
98%
País cuya capital es Ottawa Canadá
97%
Jugador de futbol de origen portugués, conocido también como CR7 Cristiano Ronaldo
96%
Princesa de Disney, inspirada en un libro de los hermanos Grimm, cuyo deber era atender a su madrastra y hermanastras Cenicienta
95%
Sinónimo de “alimento” Comida
95%
Caída natural de agua desde un risco o peñasco, proveniente de un afluente Cascada
92%
Animal que popularmente se dice entrega a los bebés Cigüeña
92%
Material conductor del que están hechos muchos de los cables usados en aparatos electrónicos Cobre
88%
Invento motorizado por Henry Ford Coche
88%
Mar que aloja países como Haití y Dominica Caribe
87%
Donde sirvió la Madre Teresa Calcuta
82%
Marca de origen francés, cuyo perfume #5 es probablemente el más famoso del mundo Chanel
81%
Paraíso mexicano en la Península de Yucatán Cancún
74%
Fundador del imperio Carolingio Carlomagno
70%
Fruto adorado por los Aztecas por su sabor fuerte y amargo Cacao
59%
Platillo al horno, especialidad de la ciudad de Segovia Cerdo al horno
58%
Supermercado estadounidense, competencia de Sam’s Club, que se dedica a la venta por mayoreo Costco
45%
Apodo del fundador de la cadena KFC Coronel Sanders
25%
Equipo de béisbol de Chicago Cubs
18%
Nombre para el quinteto de animales africanos Cinco Grandes
17%
No se encontraron pruebas coincidentes
Distribución de puntuación
Porcentaje de gente con cada puntuación
Porcentaje por número respondido
Historial de tus puntuaciones
No has intentado esta prueba.